| 000 | 00628nam a2200217 a 4500 | ||
|---|---|---|---|
| 001 | 18717 | ||
| 003 | CO-ViMGA | ||
| 008 | 141112s2004 ck r 000 u spa d | ||
| 020 | _a8475093736 | ||
| 040 |
_aCO-ViMGA _bspa _cCO-ViMGA |
||
| 082 | 0 | 4 | _a155.4136 B785 |
| 100 | 1 |
_aBruner, Jerome _93041 |
|
| 245 | 1 | 0 |
_aEl Habla del niño : _baprendiendo a usar el lenguaje |
| 260 |
_aBarcelona : _bpaidos; 1986 |
||
| 300 | _a141 p. | ||
| 490 | _aCognición y desarrollo humano / 3 | ||
| 590 | _aForma de adquisición : Premio Min - cultura | ||
| 650 | 1 | 4 |
_aHABLA _926657 |
| 650 | 1 | 4 |
_aLENGUAJE DE LOS NIÑOS _926658 |
| 942 |
_2ddc _cBK |
||
| 999 |
_c27951 _d27951 |
||